Click the Island's Location - Statistics

General Stats
  • This quiz has been taken 92 times
  • The average score is 11 of 15
Answers on the Map
Answers color-coded by a green-red scale on the quiz's map according to % correct below.
 
Answer Stats
Answer % Correct
Sicily
89%
Hokkaido
85%
Taiwan
83%
Cuba
79%
Great Britain
79%
Ireland
78%
South Island
78%
Hispaniola
76%
Sri Lanka
76%
Borneo
72%
Baffin Island
69%
New Guinea
69%
Sumatra
67%
Madagascar
63%
Mindanao
58%
No matching quizzes found
Score Distribution
Percent of People with Each Score
Percentile by Number Answered
Your Score History
You have not taken this quiz